000 00681nam a22002657a 4500
003 UA-OsUOA
001 25357
007 ta
008 20040402b un ||||| |||| 00| 0 ukr d
100 _aБлоцкий О.М.
090 _a32:929(470+571)
_bБ90
942 _cBK
040 _aUA-OsUOA
_brus
_cUA-OsUOA
_dUA-OsUOA
245 _aВладимир Путин: история жизни
300 _a312 с.
955 _a0
041 _arus
080 _a32:929(470+571)
020 _a5-7133-11221-Х
260 _aМосква
_bМежнународные отношения
_c2001
246 3 1 _aКнига 1
_n
044 _aRU
650 7 _2UDC
999 _c311650
_d311650